MARC details
| 000 -LEADER |
| fixed length control field |
01704cas a2200469 a 4500 |
| 001 - CONTROL NUMBER |
| control field |
11504108 |
| 003 - CONTROL NUMBER IDENTIFIER |
| control field |
OSt |
| 005 - DATE AND TIME OF LATEST TRANSACTION |
| control field |
20230629133850.0 |
| 008 - FIXED-LENGTH DATA ELEMENTS--GENERAL INFORMATION |
| fixed length control field |
730516c19479999enkar w 0 a0eng |
| 010 ## - LIBRARY OF CONGRESS CONTROL NUMBER |
| LC control number |
98660512 |
| Canceled/invalid LC control number |
sf 88034045 |
| -- |
73640723 |
| 016 7# - NATIONAL BIBLIOGRAPHIC AGENCY CONTROL NUMBER |
| Record control number |
010186949 |
| Source |
Uk |
| 024 8# - OTHER STANDARD IDENTIFIER |
| Standard number or code |
x290045168 |
| 035 ## - SYSTEM CONTROL NUMBER |
| System control number |
(OCoLC)ocm01784791 |
| 040 ## - CATALOGING SOURCE |
| Original cataloging agency |
DLC |
| Language of cataloging |
eng |
| Transcribing agency |
DLC |
| Modifying agency |
OCL |
| -- |
DLC |
| -- |
NYG |
| -- |
NST |
| -- |
DLC |
| -- |
HUL |
| -- |
NST |
| -- |
DLC |
| -- |
HVL |
| -- |
UKMGB |
| -- |
OCLCO |
| -- |
OCLCQ |
| -- |
OCLCF |
| -- |
OCLCO |
| -- |
UKWOH |
| -- |
OCLCQ |
| -- |
LUN |
| -- |
S2H |
| -- |
OCLCO |
| 042 ## - AUTHENTICATION CODE |
| Authentication code |
pcc |
| 043 ## - GEOGRAPHIC AREA CODE |
| Geographic area code |
e-uk--- |
| 050 00 - LIBRARY OF CONGRESS CALL NUMBER |
| Classification number |
KD296 |
| Item number |
.C84 |
| 082 0# - DEWEY DECIMAL CLASSIFICATION NUMBER |
| Classification number |
348/.42/047 |
| Item number |
ALL |
| 245 00 - TITLE STATEMENT |
| Title |
Current law case citator. |
| 246 30 - VARYING FORM OF TITLE |
| Title proper/short title |
Case citator |
| 260 ## - PUBLICATION, DISTRIBUTION, ETC. (IMPRINT) |
| Place of publication, distribution, etc. |
London : |
| Name of publisher, distributor, etc. |
Sweet & Maxwell |
| 300 ## - PHYSICAL DESCRIPTION |
| Extent |
volumes ; |
| Dimensions |
25 cm |
| 310 ## - CURRENT PUBLICATION FREQUENCY |
| Current publication frequency |
Annual |
| 336 ## - CONTENT TYPE |
| Content type term |
text |
| Content type code |
txt |
| Source |
rdacontent |
| 337 ## - MEDIA TYPE |
| Media type term |
unmediated |
| Media type code |
n |
| Source |
rdamedia |
| 338 ## - CARRIER TYPE |
| Carrier type term |
volume |
| Carrier type code |
nc |
| Source |
rdacarrier |
| 362 1# - DATES OF PUBLICATION AND/OR SEQUENTIAL DESIGNATION |
| Dates of publication and/or sequential designation |
Began in 1947. |
| 580 ## - LINKING ENTRY COMPLEXITY NOTE |
| Linking entry complexity note |
Companion to: Current law year book. |
| 580 ## - LINKING ENTRY COMPLEXITY NOTE |
| Linking entry complexity note |
Consists of annual cumulative vols. which are replaced from time to time by permanent bound cumulations: 1947-1976; 1977-1997; 1998-2001; 2002-2004. |
| 588 ## - SOURCE OF DESCRIPTION NOTE |
| Source of description note |
Description based on: 1996. |
| 650 #0 - SUBJECT ADDED ENTRY--TOPICAL TERM |
| Topical term or geographic name as entry element |
Annotations and citations (Law) |
| Geographic subdivision |
Great Britain. |
| 650 #7 - SUBJECT ADDED ENTRY--TOPICAL TERM |
| Topical term or geographic name as entry element |
Annotations and citations (Law) |
| Source of heading or term |
fast |
| Authority record control number |
(OCoLC)fst00809767 |
| 651 #7 - SUBJECT ADDED ENTRY--GEOGRAPHIC NAME |
| Geographic name |
Great Britain. |
| Source of heading or term |
fast |
| Authority record control number |
(OCoLC)fst01204623 |
| 653 ## - INDEX TERM--UNCONTROLLED |
| Uncontrolled term |
Periodical |
| 655 #0 - INDEX TERM--GENRE/FORM |
| Genre/form data or focus term |
Law. |
| 776 08 - ADDITIONAL PHYSICAL FORM ENTRY |
| Relationship information |
Online version: |
| Title |
Current law case citator |
| Record control number |
(OCoLC)761125021 |
| 780 01 - PRECEDING ENTRY |
| Title |
Current law citator |
| Record control number |
(OCoLC)1565642 |
| 787 1# - OTHER RELATIONSHIP ENTRY |
| Title |
Current law year book |
| Record control number |
(DLC) 53030111 |
| -- |
(OCoLC)1565646 |
| 906 ## - LOCAL DATA ELEMENT F, LDF (RLIN) |
| a |
7 |
| b |
cbc |
| c |
serials |
| d |
u |
| e |
ncip |
| f |
19 |
| g |
n-oclcserc |
| 942 ## - ADDED ENTRY ELEMENTS (KOHA) |
| Source of classification or shelving scheme |
Dewey Decimal Classification |
| Koha item type |
Books |